Vojna na Ukrajine v diskurze islamských náboženských organizácií Ruskej federácie

Cieľom príspevku je prostredníctvom kvalitatívnej obsahovej analýzy identifikovať hlavné črty a naratívne rámce používané v kontexte vojny na Ukrajine v roku 2022 v diskurze islamských náboženských organizácií v Ruskej federácii. Predkladaný príspevok sa najprv stručne venuje základným teoretickým v...

Descrizione completa

Salvato in:
Dettagli Bibliografici
Autore principale: Duda, Zuzana, 1995-
Natura: Capitolo di libro
Lingua:slovacco
Soggetti:
Tags: Aggiungi Tag
Nessun Tag, puoi essere il primo ad aggiungerne!!

MARC

LEADER 00000naa$a2200000$$$4500
001 0290364
005 20240502074448.6
041 0 |a slo 
044 |a SK 
245 1 0 |a Vojna na Ukrajine v diskurze islamských náboženských organizácií Ruskej federácie  |c Zuzana Duda 
520 |a Cieľom príspevku je prostredníctvom kvalitatívnej obsahovej analýzy identifikovať hlavné črty a naratívne rámce používané v kontexte vojny na Ukrajine v roku 2022 v diskurze islamských náboženských organizácií v Ruskej federácii. Predkladaný príspevok sa najprv stručne venuje základným teoretickým východiskám, následne sú bližšie charakterizované jednotlivé črty skúmaného diskurzu. Môžeme konštatovať, že náboženskí vodcovia nasledujú ruskú rétoriku vlastenectva, antagonizmu voči Západu a údajného boja proti nacizmu. Naša analýza naznačuje, že diskurz islamských náboženských organizácií odzrkadľuje diskurz produkovaný prezidentskou administratívou. 
610 2 0 |a vojny 
610 2 0 |a religionistika 
610 2 0 |a náboženstvo 
610 2 0 |a Rusko 
610 2 0 |a Ukrajina 
100 1 |a Duda, Zuzana, 1995-